[Event "33rd Leon Blitz Open 2020"]
[Site "chess.com INT"]
[Date "2020.07.14"]
[Round "3"]
[White "Vlassov, Nikolai"]
[Black "Rahman, Ziaur"]
[Result "0-1"]
[WhiteTitle "IM"]
[BlackTitle "GM"]
[WhiteElo "2352"]
[BlackElo "2415"]
[WhiteFideId "4103360"]
[BlackFideId "10200037"]
[EventDate "2020.07.14"]
[EventType "blitz"]

1. e4 c5 2. c3 e6 3. d4 d5 4. e5 Nc6 5. Nf3 Bd7 6. a3 c4 7. b4 cxb3 8. Qxb3 Na5
9. Qc2 Ne7 10. Bd3 Nc8 11. Bxh7 Nb6 12. Bd3 Ba4 13. Qb2 Qd7 14. Nbd2 O-O-O 15.
O-O Kb8 16. Re1 Be7 17. Nf1 Nac4 18. Qe2 Rc8 19. Bg5 Bxg5 20. Nxg5 Qe7 21. f4
Na5 22. Rac1 Rc7 23. Qa2 Rhc8 24. Qb2 Nb3 25. Rb1 Rxc3 26. Re3 Nxd4 27. Nf3 Nc2
28. Bxc2 Rxc2 29. Qb4 Qxb4 30. Rxb4 Rc1 31. Kf2 Ra1 32. Ng5 Be8 33. Ng3 Nc4 34.
Rc3 Ra2+ 35. Kg1 a5 36. Rbb3 a4 37. Rb4 Nxa3 38. Rxc8+ Kxc8 39. Nh5 Nc2 40. Rb1
Ne3 41. Nxg7 Bc6 42. Nxf7 Rxg2+ 43. Kh1 d4 44. h4 Rxg7+ 45. Kh2 Rxf7 0-1

[Event "33rd Leon Blitz Open 2020"]
[Site "chess.com INT"]
[Date "2020.07.14"]
[Round "3"]
[White "Buksa, Nataliya"]
[Black "Gimenez Aguirre, Alejo Ismael"]
[Result "0-1"]
[WhiteTitle "IM"]
[BlackTitle "IM"]
[WhiteElo "2410"]
[BlackElo "2265"]
[WhiteFideId "14123622"]
[BlackFideId "32041667"]
[EventDate "2020.07.14"]
[EventType "blitz"]

1. d4 Nf6 2. Nc3 e6 3. e4 d5 4. e5 Nfd7 5. f4 c5 6. Nf3 Nc6 7. Be3 c4 8. Be2 b5
9. O-O b4 10. Na4 Be7 11. a3 bxa3 12. bxa3 Qa5 13. c3 Rb8 14. Nd2 g6 15. g4 f6
16. f5 gxf5 17. gxf5 exf5 18. Bh5+ Kd8 19. e6 Nf8 20. Rxf5 Bxe6 21. Rf1 Rg8+ 22.
Kh1 Bh3 23. Rf2 Bd6 24. Bf3 Ne7 25. Nc5 Qxc3 26. Re2 Bxc5 27. dxc5 d4 28. Bf4
Rb2 29. Ba8 Ne6 30. Rxe6 Bxe6 31. Rc1 Qd3 32. Nf1 Qxd1 33. Rxd1 d3 34. Bc1 Rb1
35. Ne3 Kc8 36. Bd2 Rxd1+ 37. Nxd1 Nd5 38. Nc3 Nxc3 39. Bxc3 Kb8 40. Bf3 Bg4 41.
Be4 f5 42. Bd5 Rd8 43. Be5+ Kc8 44. Bxc4 d2 45. Ba6+ Kd7 46. Bb5+ Ke6 47. Ba4
d1=R+ 48. Bxd1 Rxd1+ 49. Kg2 Kxe5 0-1

[Event "33rd Leon Blitz Open 2020"]
[Site "chess.com INT"]
[Date "2020.07.14"]
[Round "3"]
[White "Babazada, Khazar"]
[Black "Fedoseev, Vladimir3"]
[Result "1/2-1/2"]
[WhiteTitle "FM"]
[BlackTitle "GM"]
[WhiteElo "2409"]
[BlackElo "2678"]
[WhiteFideId "13413554"]
[BlackFideId "24130737"]
[EventDate "2020.07.14"]
[EventType "blitz"]

1. e4 c6 2. d4 d5 3. Nc3 dxe4 4. Nxe4 Bf5 5. Ng3 g6 6. c3 Nf6 7. Nxf5 gxf5 8. g3
e6 9. Bg2 Bd6 10. Nh3 Nbd7 11. O-O h5 12. Bg5 Qc7 13. Re1 O-O-O 14. b4 Rdg8 15.
Bh4 f4 16. Qd2 Rg4 17. c4 fxg3 18. hxg3 Rhg8 19. Rac1 Qd8 20. c5 Bc7 21. b5 Nb8
22. bxc6 Nxc6 23. Rb1 Rxh4 24. gxh4 Nd5 25. Re4 Ba5 26. Qd3 Nc3 27. Rf4 Qd5 28.
Ng5 Qxa2 29. Bxc6 Ne2+ 30. Kh1 Nxf4 31. Bxb7+ Kd8 32. Qf1 f6 33. Nf7+ Ke7 34.
Nd6 Rg4 35. Bf3 Rxh4+ 36. Kg1 Qc2 37. Rb7+ Kf8 38. Rb8+ Kg7 39. Rb7+ Kh6 40. Be4
Ne2+ 41. Qxe2 Qxe2 42. Nf7+ Kg7 43. Ne5+ Kf8 44. Rf7+ Ke8 45. Bc6+ Kd8 46. Rd7+
Ke8 47. Rf7+ Kd8 48. Rd7+ Ke8 49. Rf7+ 1/2-1/2

[Event "33rd Leon Blitz Open 2020"]
[Site "chess.com INT"]
[Date "2020.07.14"]
[Round "3"]
[White "Chigaev, Maksim"]
[Black "Schitco, Ivan"]
[Result "1-0"]
[WhiteTitle "GM"]
[BlackTitle "IM"]
[WhiteElo "2588"]
[BlackElo "2467"]
[WhiteFideId "4108116"]
[BlackFideId "13905465"]
[EventDate "2020.07.14"]
[EventType "blitz"]

1. e4 e5 2. Nf3 Nc6 3. Bc4 Nf6 4. d3 Bc5 5. Nbd2 d6 6. c3 O-O 7. h3 Re8 8. Nf1
Be6 9. Bb3 d5 10. Qe2 Na5 11. N3d2 Nxb3 12. axb3 a5 13. Ng3 Qd7 14. O-O b6 15.
c4 c6 16. Kh2 b5 17. Nf3 Bd6 18. Bg5 Be7 19. Rac1 Qd6 20. exd5 cxd5 21. Qxe5 Qb4
22. Qc3 Qxc3 23. Rxc3 Bb4 24. Bxf6 gxf6 25. Rcc1 dxc4 26. bxc4 bxc4 27. dxc4
Rec8 28. b3 a4 29. bxa4 Bxc4 30. Rfd1 Be6 31. Rxc8+ Rxc8 32. Nh5 Be7 33. Nf4 Bb3
34. Rd7 Kf8 35. a5 Ra8 36. Nd4 Ba4 37. Rd5 Bd8 38. Nh5 Bc7+ 39. g3 Ra6 40. Rc5
Bxa5 41. Rc8+ Be8 42. Nf5 Re6 43. Nhg7 Re5 44. Kg2 Bd2 45. g4 Bb4 46. Rb8 Be1
47. f4 Re2+ 48. Kf1 Re4 49. Rxe8+ 1-0

[Event "33rd Leon Blitz Open 2020"]
[Site "chess.com INT"]
[Date "2020.07.14"]
[Round "3"]
[White "Simonovic, Miroslav"]
[Black "Mrudul, Dehankar"]
[Result "0-1"]
[WhiteTitle "CM"]
[BlackTitle "WIM"]
[WhiteElo "2129"]
[BlackElo "2256"]
[WhiteFideId "919152"]
[BlackFideId "25096990"]
[EventDate "2020.07.14"]
[EventType "blitz"]

1. d4 Nf6 2. Bg5 c5 3. Bxf6 gxf6 4. c3 Qb6 5. Qc2 d6 6. Nd2 Nc6 7. e3 Qc7 8. Rc1
Bh6 9. Ngf3 f5 10. d5 Ne5 11. Nxe5 dxe5 12. g3 f4 13. exf4 exf4 14. Bd3 fxg3 15.
hxg3 Qe5+ 16. Kf1 Qxd5 17. Be4 Qxd2 18. Qxd2 Bxd2 19. Rd1 Bg5 20. Rxh7 Rxh7 21.
Bxh7 Be6 22. f4 Bf6 23. Be4 Rb8 24. f5 Bxa2 25. Ra1 Bc4+ 26. Kf2 a6 27. g4 Rd8
28. Kf3 b6 29. Kf4 e5+ 30. fxe6 fxe6 31. g5 Bg7 32. b3 Bd3 33. Bc6+ Kf7 34. Rc1
Kg6 35. Ke3 Bf5 36. Be4 Bxe4 37. Kxe4 Rd2 38. b4 cxb4 39. cxb4 Rd4+ 40. Kf3 Rxb4
41. Rc6 Rb3+ 42. Ke4 Rb4+ 43. Kf3 Kf5 44. Rc7 Be5 45. g6 Bxc7 46. g7 Rg4 47.
g8=Q Rxg8 48. Ke3 a5 49. Kd4 a4 50. Kc4 a3 51. Kb3 Ra8 52. Ka2 e5 53. Ka1 a2 54.
Kb2 a1=Q+ 55. Kc2 Ra2+ 56. Kd3 Qd4# 0-1

[Event "33rd Leon Blitz Open 2020"]
[Site "chess.com INT"]
[Date "2020.07.14"]
[Round "3"]
[White "Lopez Idarraga, Daniel Eduardo"]
[Black "Sadovsky, Artem"]
[Result "1-0"]
[WhiteTitle "FM"]
[BlackTitle "IM"]
[WhiteElo "2009"]
[BlackElo "2421"]
[WhiteFideId "4405501"]
[BlackFideId "4155840"]
[EventDate "2020.07.14"]
[EventType "blitz"]

1. d4 g6 2. Nf3 Bg7 3. Bf4 d6 4. e3 Nd7 5. h3 e5 6. Bh2 e4 7. Nfd2 f5 8. c4 Ngf6
9. Nc3 O-O 10. Be2 Qe7 11. O-O Qf7 12. b4 g5 13. a4 Kh8 14. a5 Qg6 15. Nd5 Nxd5
16. cxd5 Nf6 17. Rc1 Nxd5 18. b5 f4 19. Bc4 Be6 20. Qb3 c6 21. a6 Rab8 22. Qa2
bxa6 23. bxc6 Nb4 24. Qa3 d5 25. Be2 Rb6 26. c7 Bc8 27. Rb1 Qd6 28. h4 h6 29.
Rfc1 Rf7 30. hxg5 hxg5 31. Rc5 Rxc7 32. Rxc7 Qxc7 33. Rxb4 Bf8 34. Rc4 Qd8 35.
Rc5 Rf6 36. Qa5 Qxa5 37. Rxa5 Bb4 38. Ra2 a5 39. Nb3 f3 40. gxf3 exf3 41. Bd3
Rc6 42. Be5+ Kg8 43. Nxa5 Rc1+ 44. Kh2 Be1 45. Nb3 Rc3 46. Nc5 a6 47. Bxa6 Bf5
48. Bb7 g4 49. Bxd5+ Kh7 50. Be4 Kg6 51. Ra6+ Kg5 52. Bf4+ Kh4 53. Rh6# 1-0

[Event "33rd Leon Blitz Open 2020"]
[Site "chess.com INT"]
[Date "2020.07.14"]
[Round "3"]
[White "Primbetov, Kazbek"]
[Black "Rosenberg, Evan S"]
[Result "1-0"]
[WhiteTitle "FM"]
[WhiteElo "2207"]
[BlackElo "2125"]
[WhiteFideId "13702297"]
[BlackFideId "2019299"]
[EventDate "2020.07.14"]
[EventType "blitz"]

1. d4 Nf6 2. c4 e6 3. Nf3 d5 4. g3 Be7 5. Bg2 O-O 6. Nc3 dxc4 7. Ne5 Nc6 8. Bxc6
bxc6 9. Nxc6 Qe8 10. Nxe7+ Qxe7 11. Qa4 e5 12. dxe5 Qxe5 13. Qxc4 Be6 14. Qf4
Qh5 15. O-O Qh3 16. f3 Rfe8 17. Be3 Rab8 18. b3 Bd5 19. Bxa7 Rbd8 20. Rad1 c6
21. Bd4 h5 22. Bxf6 gxf6 23. Qxf6 h4 24. Qg5+ Kf8 25. Qh6+ Kg8 26. Rd4 Re6 27.
Qxh4 Qxh4 28. Rxh4 Ra8 29. e4 Bxb3 30. axb3 Ra3 31. Rb1 Re5 32. Rh6 Rc5 33. Na4
Rc2 34. Rb2 Rc1+ 35. Kg2 Raa1 36. Kh3 c5 37. Rc6 Rf1 38. f4 Rfc1 39. Rxc5 Re1
40. e5 Rad1 41. b4 Kg7 42. b5 Rg1 43. b6 Rd8 44. b7 Rh8+ 45. Kg4 Kg6 46. b8=Q
f5+ 47. exf6 Rxg3+ 48. hxg3 Rh4+ 49. gxh4 1-0

[Event "33rd Leon Blitz Open 2020"]
[Site "chess.com INT"]
[Date "2020.07.14"]
[Round "3"]
[White "Stukan, Martin"]
[Black "Bethke, Richard"]
[Result "0-1"]
[WhiteTitle "FM"]
[BlackTitle "FM"]
[WhiteElo "2325"]
[BlackElo "2332"]
[WhiteFideId "34171980"]
[BlackFideId "12959243"]
[EventDate "2020.07.14"]
[EventType "blitz"]

1. e4 c5 2. Be2 Nc6 3. f4 g6 4. Nf3 Bg7 5. O-O e6 6. d3 Nge7 7. c3 d5 8. e5 d4
9. Nbd2 O-O 10. Ne4 b6 11. c4 Bb7 12. Bd2 Qc7 13. Nf6+ Bxf6 14. exf6 Nf5 15. Ng5
h6 16. Ne4 Ne3 17. Bxe3 dxe3 18. Qc1 Nd4 19. Qxe3 Qd8 20. Rae1 Nc2 21. Qh3 Bxe4
22. dxe4 Qxf6 23. e5 Qf5 24. Qxf5 gxf5 25. Rc1 Nd4 26. Bf3 Rad8 27. Kf2 Rd7 28.
Rfd1 Rfd8 29. Bh5 Kg7 30. b3 f6 31. exf6+ Kxf6 32. Re1 Nc6 33. Bf3 Rd2+ 34. Re2
Nb4 35. Ke3 R8d3+ 36. Kf2 Nxa2 37. Ra1 Nc3 38. Rxd2 Rxd2+ 39. Ke3 Rb2 40. Kd3
Ne4 41. Bxe4 fxe4+ 42. Kxe4 Rxg2 43. Rxa7 Rb2 44. Rh7 Rxh2 45. Rb7 Re2+ 46. Kf3
Rc2 47. Rxb6 h5 48. Rb8 Rc3+ 49. Ke4 h4 50. Rh8 h3 51. Rh5 Kg6 52. Rxc5 h2 0-1

[Event "33rd Leon Blitz Open 2020"]
[Site "chess.com INT"]
[Date "2020.07.14"]
[Round "3"]
[White "Tregubov, Pavel V."]
[Black "Postny, Evgeny"]
[Result "0-1"]
[WhiteTitle "GM"]
[BlackTitle "GM"]
[WhiteElo "2560"]
[BlackElo "2600"]
[WhiteFideId "4115341"]
[BlackFideId "2804344"]
[EventDate "2020.07.14"]
[EventType "blitz"]

1. e4 e5 2. Nf3 Nc6 3. Bb5 a6 4. Ba4 Nf6 5. d4 exd4 6. O-O Be7 7. e5 Ne4 8. Nxd4
Nxd4 9. Qxd4 Nc5 10. Bb3 O-O 11. Nc3 d6 12. Bf4 dxe5 13. Qxe5 Bd6 14. Qd4 Nxb3
15. cxb3 Bxf4 16. Qxf4 Be6 17. Rfe1 Qd6 18. Qxd6 cxd6 19. Rad1 Rfd8 20. Rd4 Rac8
21. Red1 Rc6 22. f4 Kf8 23. Kf2 Ke7 24. h3 h5 25. h4 Rc5 26. R1d2 a5 27. Ne4 Rc6
28. Re2 Kf8 29. Red2 Ke7 30. Ng3 g6 31. f5 Bxf5 32. Nxf5+ gxf5 33. Rd5 Rc5 34.
Kf3 b6 35. Kf4 Ke6 36. R5d4 Re5 37. b4 d5 38. bxa5 bxa5 39. Kf3 Re4 40. g3 Ke5
41. R4d3 f4 42. gxf4+ Rxf4+ 43. Kg3 Rg8+ 44. Kh3 d4 45. Re2+ Re4 46. Rf2 Re3+
47. Rxe3+ dxe3 48. Rxf7 Ke4 49. Re7+ Kf3 50. Rf7+ Ke2 51. Rf5 Kd3 52. Rxa5 Re8
53. Rd5+ Kc2 54. Rc5+ Kxb2 55. Rxh5 e2 56. Rb5+ Ka1 0-1

[Event "33rd Leon Blitz Open 2020"]
[Site "chess.com INT"]
[Date "2020.07.14"]
[Round "3"]
[White "Le, Tuan Minh"]
[Black "Iniyan, P"]
[Result "1-0"]
[WhiteTitle "IM"]
[BlackTitle "GM"]
[WhiteElo "2501"]
[BlackElo "2506"]
[WhiteFideId "12401153"]
[BlackFideId "25002767"]
[EventDate "2020.07.14"]
[EventType "blitz"]

1. d4 Nf6 2. Nf3 e6 3. c4 b6 4. a3 Bb7 5. Nc3 Be7 6. d5 O-O 7. e4 exd5 8. exd5
Re8 9. Be2 Bf8 10. O-O g6 11. h3 Bg7 12. Bf4 d6 13. Qd2 Nbd7 14. Bg5 Nc5 15.
Rae1 Qd7 16. Bh6 Nfe4 17. Nxe4 Nxe4 18. Qc1 f5 19. Bd3 Nc5 20. Bc2 a5 21. b4
axb4 22. axb4 Ne4 23. Bxg7 Qxg7 24. Bxe4 fxe4 25. Ng5 b5 26. Ne6 Qf7 27. Rxe4
bxc4 28. Qxc4 Rac8 29. b5 Re7 30. Rfe1 Qf5 31. Ng5 Bxd5 32. Qd4 Qxg5 33. f4 Rxe4
34. Rxe4 Qf5 35. Re7 Bf7 36. Kh2 h5 37. b6 cxb6 38. Qxd6 h4 39. Re2 Rc4 40. Rf2
b5 41. Qd8+ Kg7 42. Qxh4 g5 43. Qg3 Rxf4 44. Re2 b4 45. Re7 Qf6 46. Rb7 Kg6 47.
Qe3 Rc4 48. Rb6 Rc6 49. Qe4+ Kg7 50. Rxc6 Qf4+ 51. Qxf4 gxf4 52. Rb6 b3 53. Kg1 1-0

[Event "33rd Leon Blitz Open 2020"]
[Site "chess.com INT"]
[Date "2020.07.14"]
[Round "3"]
[White "Khanin, Semen"]
[Black "Van Foreest, Jorden"]
[Result "0-1"]
[WhiteTitle "IM"]
[BlackTitle "GM"]
[WhiteElo "2482"]
[BlackElo "2682"]
[WhiteFideId "4111990"]
[BlackFideId "1039784"]
[EventDate "2020.07.14"]
[EventType "blitz"]

1. e4 c6 2. d4 d5 3. Nd2 dxe4 4. Nxe4 Nf6 5. Nxf6+ exf6 6. c3 Bd6 7. Bd3 O-O 8.
Qc2 Re8+ 9. Ne2 h5 10. O-O h4 11. Nf4 Nd7 12. Qd1 Nf8 13. Qh5 Qc7 14. g3 Bd7 15.
Bd2 Qc8 16. Bc4 Re7 17. Rae1 Bg4 18. Qxh4 Rxe1 19. Rxe1 Bxf4 20. Bxf4 Ng6 21.
Re8+ Qxe8 22. Qxg4 Qe1+ 23. Kg2 Qe4+ 24. f3 Nxf4+ 25. gxf4 Qc2+ 26. Kg3 Rf8 27.
Qd7 Qg6+ 28. Kf2 b5 29. Bb3 Qh5 30. Kg3 g5 31. Qf5 Qh4+ 32. Kg2 Kg7 33. Bc2 gxf4
34. Be4 Rh8 35. h3 Qg3+ 36. Kf1 Qxh3+ 37. Qxh3 Rxh3 38. Bxc6 Rh2 39. b3 a6 40.
a4 Rc2 41. axb5 Rxc3 42. Ke2 axb5 43. Bxb5 Re3+ 44. Kf2 Rxb3 45. Bc6 Rb2+ 46.
Ke1 Kf8 47. Bd5 Rb4 48. Ke2 Rxd4 49. Be4 Kg7 50. Bc6 Kh6 51. Bb7 Kg5 52. Bc6 Kh4
53. Kf2 Rd2+ 54. Ke1 Rb2 0-1

[Event "33rd Leon Blitz Open 2020"]
[Site "chess.com INT"]
[Date "2020.07.14"]
[Round "3"]
[White "Sukandar, Irine Kharisma"]
[Black "Nikitenko, Mihail"]
[Result "0-1"]
[WhiteTitle "IM"]
[BlackTitle "IM"]
[WhiteElo "2413"]
[BlackElo "2436"]
[WhiteFideId "7101937"]
[BlackFideId "13506862"]
[EventDate "2020.07.14"]
[EventType "blitz"]

1. d4 d5 2. Nf3 Nf6 3. Bg5 Nbd7 4. e3 g6 5. Bd3 Bg7 6. Ne5 Nxe5 7. dxe5 Nd7 8.
f4 Nc5 9. O-O Nxd3 10. Qxd3 f6 11. exf6 exf6 12. Bh4 c6 13. Nc3 Bf5 14. e4 dxe4
15. Nxe4 Qxd3 16. cxd3 O-O-O 17. Rad1 Rhf8 18. Rfe1 Kc7 19. Nc5 Rfe8 20. Kf2 b6
21. Rxe8 Rxe8 22. Nb3 Be6 23. Nd4 Bd7 24. f5 gxf5 25. Bg3+ Kb7 26. Bf4 Bf8 27.
Nc2 Be6 28. b3 Rd8 29. Re1 Bf7 30. d4 Bd5 31. h3 a5 32. Ne3 Be4 33. g4 Rxd4 34.
gxf5 Bxf5 35. Kg3 Bg6 36. Ng4 a4 37. Nxf6 axb3 38. axb3 Rd3+ 39. Re3 Rxe3+ 40.
Bxe3 Be7 41. Ng4 Bf7 42. Ne5 Bxb3 43. Kg4 Be6+ 44. Kh5 Bxh3 45. Kh6 Bf5 46. Nc4
b5 47. Na5+ Kc7 48. Bf4+ Bd6 49. Be3 c5 50. Nb3 Kc6 51. Kg5 Be6 52. Nd2 Bd5 53.
Kh6 b4 54. Kxh7 c4 55. Kg6 c3 56. Nf1 b3 57. Bd4 b2 0-1

[Event "33rd Leon Blitz Open 2020"]
[Site "chess.com INT"]
[Date "2020.07.14"]
[Round "3"]
[White "Siddharth, Jagadeesh"]
[Black "Azarov, Sergei"]
[Result "0-1"]
[WhiteTitle "FM"]
[BlackTitle "GM"]
[WhiteElo "2320"]
[BlackElo "2604"]
[WhiteFideId "5818320"]
[BlackFideId "13501470"]
[EventDate "2020.07.14"]
[EventType "blitz"]

1. e4 e5 2. Nc3 Nf6 3. g3 Nc6 4. Bg2 Bc5 5. Nge2 a6 6. d3 d6 7. O-O Nd4 8. h3 c6
9. Nxd4 Bxd4 10. Ne2 Bb6 11. c3 O-O 12. d4 d5 13. exd5 Nxd5 14. dxe5 Re8 15. Nf4
Rxe5 16. Nxd5 cxd5 17. Bf4 Re8 18. Qxd5 Qxd5 19. Bxd5 g5 20. Be3 Bxe3 21. fxe3
Be6 22. e4 Rac8 23. Rad1 Rc7 24. Kg2 b5 25. Rf2 Kg7 26. a3 h6 27. Rfd2 a5 28.
Bxe6 Rxe6 29. Rd4 Rce7 30. Kf3 Rf6+ 31. Ke3 Rfe6 32. Rf1 Re5 33. g4 Kg6 34. Rf5
Rxf5 35. gxf5+ Kh5 36. Rd5 Kh4 37. Rxb5 Kxh3 38. c4 Re8 39. e5 g4 40. Kf4 h5 41.
e6 h4 42. exf7 Rf8 43. f6 Rxf7 44. Kg5 g3 45. Rb3 a4 46. Rc3 Kh2 47. Kxh4 g2 48.
Rc2 Rxf6 49. c5 Kh1 50. Kg5 Rc6 51. Kf5 g1=Q 52. Ke5 Rxc5+ 53. Rxc5 Qxc5+ 54.
Ke4 Qc4+ 0-1

[Event "33rd Leon Blitz Open 2020"]
[Site "chess.com INT"]
[Date "2020.07.14"]
[Round "3"]
[White "Arjun, Kalyan"]
[Black "Rom, Jasper"]
[Result "1/2-1/2"]
[WhiteTitle "IM"]
[WhiteElo "2477"]
[BlackElo "2202"]
[WhiteFideId "35018701"]
[BlackFideId "2023733"]
[EventDate "2020.07.14"]
[EventType "blitz"]

1. d4 d5 2. c4 e6 3. Nc3 c6 4. Nf3 dxc4 5. a4 Bb4 6. e3 b5 7. Bd2 a5 8. Ne5 Nf6
9. Qf3 Bxc3 10. bxc3 Qd5 11. Qg3 O-O 12. f3 Nbd7 13. e4 Qd6 14. Bf4 Nh5 15. Nxd7
Qxd7 16. Qh4 Nxf4 17. Qxf4 f5 18. e5 Qd5 19. Be2 b4 20. O-O Ba6 21. Qc1 Rfd8 22.
Rd1 Rab8 23. f4 b3 24. Bf3 Qd7 25. Qa3 Qc7 26. Qc5 Qb6 27. Qxc6 Qxc6 28. Bxc6
Rbc8 29. Bb5 Bb7 30. Rd2 Bd5 31. Kf2 Rc7 32. Rg1 g6 33. Ke3 Rg7 34. h4 h6 35. g4
Kh7 36. Rf2 Rdg8 37. Kd2 fxg4 38. Rxg4 g5 39. hxg5 hxg5 40. Rh2+ Kg6 41. Rxg5+
Kf7 42. Rhh5 Rxg5 43. fxg5 Kg6 44. Rh3 Rf8 45. Rh2 Kxg5 46. Kc1 Rf1+ 47. Kb2 Kf4
48. Be8 Rg1 49. Bh5 Rg2+ 50. Rxg2 Bxg2 51. Be8 Bd5 52. Bb5 Ke3 53. Bd7 Kf4 54.
Bb5 Kg5 55. Be8 Kh6 56. Bf7 Kg7 57. Bh5 Kf8 58. Be2 Ke7 59. Bf1 Kf7 60. Be2 Kg6
61. Bf1 Kg5 62. Be2 Kf4 63. Bh5 Bc6 64. Be2 Bd5 65. Bh5 Kg5 66. Be2 Kf4 1/2-1/2

[Event "33rd Leon Blitz Open 2020"]
[Site "chess.com INT"]
[Date "2020.07.14"]
[Round "3"]
[White "Gabrielian, Artur"]
[Black "Lamard, Guillaume"]
[Result "1-0"]
[WhiteTitle "GM"]
[BlackTitle "IM"]
[WhiteElo "2463"]
[BlackElo "2486"]
[WhiteFideId "4131002"]
[BlackFideId "600261"]
[EventDate "2020.07.14"]
[EventType "blitz"]

1. e4 c5 2. Nc3 Nc6 3. Bb5 Nd4 4. Bc4 e6 5. Nf3 Nf6 6. O-O a6 7. Bb3 b5 8. d3
Nxb3 9. axb3 Bb7 10. e5 b4 11. Na4 Nd5 12. Bg5 Qc7 13. Re1 h6 14. Bh4 g5 15. Bg3
Bg7 16. Nd2 Nf4 17. Bxf4 gxf4 18. Nc4 Ke7 19. Qg4 Rag8 20. Qxf4 h5 21. Qh4+ f6
22. Re3 Kf8 23. Rae1 f5 24. Rg3 Bd5 25. Nab6 Bc6 26. f4 Rh7 27. Ree3 Bh8 28.
Rxg8+ Kxg8 29. Rg3+ Rg7 30. Rxg7+ Bxg7 31. Qxh5 Bb7 32. Qe8+ Kh7 33. Qxd7 Qc6
34. Qxc6 Bxc6 35. Nd6 Kg6 36. Nbc4 Kh5 37. Ne3 Bh6 38. g3 Bf3 39. Ndc4 Bc6 40.
Kf2 Kg6 41. h3 Bf8 42. g4 Be7 43. Kg3 Bd8 44. gxf5+ exf5 45. Nd6 Bd7 46. Nec4 a5
47. Nb7 Bc7 48. Nxc5 Bc6 49. Nd6 Bb6 50. d4 Bd5 51. c4 bxc3 52. bxc3 Bxc5 53.
dxc5 Bxb3 54. c6 a4 55. Nb5 Be6 56. Na3 Kf7 57. Kf2 Ke7 58. Ke3 Kd8 59. Kd4 Kc7
60. Kc5 Bf7 61. h4 Be8 62. Nb5+ Kd8 63. Kd6 1-0

[Event "33rd Leon Blitz Open 2020"]
[Site "chess.com INT"]
[Date "2020.07.14"]
[Round "3"]
[White "Lazavik, Denis"]
[Black "Narayanan, S.L."]
[Result "0-1"]
[WhiteTitle "FM"]
[BlackTitle "GM"]
[WhiteElo "2424"]
[BlackElo "2618"]
[WhiteFideId "13515110"]
[BlackFideId "5058422"]
[EventDate "2020.07.14"]
[EventType "blitz"]

1. d4 Nf6 2. c4 e6 3. Nf3 d5 4. Nc3 a6 5. cxd5 exd5 6. Bg5 Be6 7. e3 Nbd7 8. Bd3
Bd6 9. O-O h6 10. Bf4 Qe7 11. Qc2 O-O 12. Bxd6 Qxd6 13. Rab1 Bg4 14. Nd2 c5 15.
dxc5 Nxc5 16. Nb3 Nxd3 17. Qxd3 Rfd8 18. Nd4 Rac8 19. Rbc1 Bh5 20. f3 Bg6 21.
Qd2 Nd7 22. Nce2 Ne5 23. b3 Nd3 24. Rxc8 Rxc8 25. Nf4 Nxf4 26. exf4 Qc5 27. Qf2
f6 28. Re1 Qa5 29. h3 h5 30. Kh2 Qc3 31. Re7 Re8 32. Rxe8+ Bxe8 33. Nf5 Qd3 34.
Ne7+ Kh7 35. Qc5 Bf7 36. Qd6 d4 37. Qd7 Qe3 38. Qf5+ g6 39. Qxf6 Qe6 40. Qg5 d3
41. f5 Qd6+ 42. f4 d2 43. fxg6+ Bxg6 44. Nxg6 d1=Q 45. Ne5 Qe6 46. Nf3 Qde2 47.
Qg3 Qg6 48. Ng5+ Kh6 49. Qc3 Qee8 50. Qc7 Qf8 51. Nf3 Qgf6 52. Kg3 Q8g7+ 53. Ng5
Qxc7 0-1

[Event "33rd Leon Blitz Open 2020"]
[Site "chess.com INT"]
[Date "2020.07.14"]
[Round "3"]
[White "Gabdrakhmanov, Azat"]
[Black "Navalgund, Niranjan"]
[Result "1/2-1/2"]
[WhiteTitle "FM"]
[BlackTitle "FM"]
[WhiteElo "2328"]
[BlackElo "2289"]
[WhiteFideId "34189197"]
[BlackFideId "5030854"]
[EventDate "2020.07.14"]
[EventType "blitz"]

1. e4 c5 2. Nf3 Nc6 3. Nc3 g6 4. Bc4 Bg7 5. d3 d6 6. a3 Nf6 7. O-O Bg4 8. h3 Bh5
9. g4 Nxg4 10. hxg4 Bxg4 11. Bxf7+ Kf8 12. Bd5 Ne5 13. Ng5 Qd7 14. f3 Bh3 15.
Rf2 h6 16. Nxh3 Qxh3 17. Qf1 Qd7 18. Bf4 e6 19. Bb3 g5 20. Bh2 Ke7 21. Ne2 Raf8
22. Qg2 Ng6 23. f4 Bxb2 24. Rb1 Bf6 25. e5 dxe5 26. fxe5 Bxe5 27. Bxe5 Nxe5 28.
Rbf1 b6 29. Qg3 Qd6 30. Rxf8 Rxf8 31. Rxf8 Kxf8 32. Kf1 Kg7 33. Qh2 Qf8+ 34. Qf2
Qxf2+ 35. Kxf2 Kf6 36. Ng3 Nc6 37. Ne4+ Ke5 38. c3 Kf4 39. Bxe6 Ne5 40. Ke2 g4
41. Nf6 Kg5 42. Nd7 Ng6 43. Ke3 h5 44. Bd5 Nf4 45. Bb7 h4 46. Ne5 Nh5 47. d4
cxd4+ 48. cxd4 Nf6 49. d5 Kf5 50. Nd3 h3 51. Bc8+ Kg5 52. d6 g3 53. Kf3 g2 54.
Kf2 Ne4+ 55. Kg1 Kh4 56. Bxh3 Nxd6 57. Bxg2 Kg3 58. Bc6 a6 59. Kf1 Nc4 60. a4 b5
61. axb5 axb5 62. Bxb5 Ne3+ 63. Ke2 Nf5 64. Bc6 Nd4+ 65. Ke3 Nxc6 1/2-1/2

[Event "33rd Leon Blitz Open 2020"]
[Site "chess.com INT"]
[Date "2020.07.14"]
[Round "3"]
[White "Jakubowski, Krzysztof"]
[Black "Harsha, Bharathakoti"]
[Result "1/2-1/2"]
[WhiteTitle "GM"]
[BlackTitle "GM"]
[WhiteElo "2481"]
[BlackElo "2509"]
[WhiteFideId "1112848"]
[BlackFideId "5078776"]
[EventDate "2020.07.14"]
[EventType "blitz"]

1. d4 d5 2. c4 e6 3. Nc3 c6 4. e3 Nf6 5. Nf3 Nbd7 6. a3 Bd6 7. Bd3 O-O 8. O-O
Qe7 9. e4 dxc4 10. Bxc4 e5 11. Bg5 exd4 12. Qxd4 Ne5 13. Be2 h6 14. Bh4 Re8 15.
Rad1 Nxf3+ 16. Bxf3 Be5 17. Qe3 Qc7 18. Bg3 Bxg3 19. hxg3 Be6 20. Be2 b6 21. Qf4
Qe7 22. Rd6 c5 23. Rfd1 Red8 24. e5 Ne8 25. Bf3 Rab8 26. R6d2 Bb3 27. Rxd8 Rxd8
28. Rxd8 Qxd8 29. Be4 Nc7 30. Qf5 g6 31. Qf4 Qg5 32. Qxg5 hxg5 33. Kf1 Ne6 34.
Ke2 Kf8 35. Ke3 Nd4 36. f4 gxf4+ 37. gxf4 Ke7 38. g4 Be6 39. Bf3 b5 40. Ne4 Nb3
41. Bd1 Na5 42. Nd6 a6 43. f5 gxf5 44. gxf5 Nc4+ 45. Nxc4 Bxc4 46. Bg4 f6 47.
Kf4 b4 48. axb4 cxb4 49. Bd1 a5 50. Ke4 Ba2 51. Bc2 Bc4 52. Kd4 Be2 53. b3 Bb5
54. Kc5 Be8 55. exf6+ Kxf6 56. Kb6 a4 57. bxa4 Bxa4 58. Bxa4 Kxf5 59. Kc5 b3 60.
Bxb3 1/2-1/2